| 000 | 00483nam a22001697a 4500 | ||
|---|---|---|---|
| 003 | BD-DhUL | ||
| 005 | 20171107121217.0 | ||
| 008 | 171107snd. xx ||||| |||| 00| 0 per d | ||
| 040 |
_aBD-DhUL _cBD-DhUL |
||
| 082 |
_a891.551 _bABH |
||
| 100 | 0 | _aابو الفتح خان اصفہانی | |
| 245 | 0 |
_aہزار داسقان / _cابو الفتح خان اصفہانی |
|
| 260 |
_a: _b، _c۔ |
||
| 300 |
_aص۔ ۶۴۵ ؛ _c۲۸ سم۔ |
||
| 650 | 0 | _aPersian poetry | |
| 942 |
_2ddc _cBK |
||
| 999 |
_c231815 _d231815 |
||